[Event "TCh-BUL w"]
[Site "Sunny Beach BUL"]
[Date "2009.06.11"]
[Round "4"]
[White "Videnova,I"]
[Black "Arutyunova,D"]
[Result "1/2-1/2"]
[WhiteElo "2160"]
[BlackElo "2264"]

1.d4 e6 2.e4 d5 3.Nc3 Nf6 4.e5 Nfd7 5.f4 c5 6.Nf3 Nc6 7.Be3 a6 8.Qd2 b5 9.dxc5 Bxc5
10.Bxc5 Nxc5 11.Qf2 Qb6 12.Bd3 Rb8 13.O-O Nb4 14.Rfd1 Na4 15.Qxb6 Rxb6 16.Nxa4 bxa4
17.Rd2 Bd7 18.Bf1 Ke7 19.c3 Nc6 20.c4 dxc4 21.Rad1 Rd8 22.Bxc4 Be8 23.Rd6 Rxb2
24.Bxa6 Rdb8 25.a3 Ra2 26.R6d3 Rb3 27.Bc4 Rxd3 28.Rxd3 Ra1+ 29.Kf2 Na5 30.Nd2 Nxc4
31.Nxc4 Bb5 32.Rc3 Ra2+ 33.Kg1 Bxc4 34.Rxc4 Rxa3 35.Rc7+ Ke8 36.Ra7 g6 37.Kf2 h5
38.h4 Kf8 39.g3 Ra1 40.Kg2 a3 41.Kh2 a2 42.Kg2 Ke8 43.Kh2 Kd8 44.Kg2 Kc8
45.Kh2 Kb8 46.Ra3 Kb7 47.Ra4 Kb6 48.Ra8 Kc5 49.Kg2 Kd4 50.Ra4+ Ke3 51.Ra3+ Ke4
52.Ra7 Ke3 53.Ra3+ Ke2 54.Ra7 Kd3 55.Ra3+ Kd4 56.Ra7 Kd5 57.Ra8 Kc4 58.Rc8+ Kb5
59.Rb8+ Kc6 60.Ra8 Kb7 61.Ra3 Kb6 62.Ra8 Kc5 63.Rc8+ Kd4 64.Ra8 Ke4 65.Ra7  1/2-1/2

[Event "13th Master Open"]
[Site "Voronezh RUS"]
[Date "2009.06.16"]
[Round "5"]
[White "Kokarev,Dm"]
[Black "Volkov,Sergey1"]
[Result "1-0"]
[WhiteElo "2603"]
[BlackElo "2594"]

1.e4 e6 2.d4 d5 3.Nc3 Nf6 4.e5 Nfd7 5.f4 c5 6.Nf3 Qb6 7.Be3 Be7 8.Na4 Qc6
9.Nxc5 Nxc5 10.dxc5 Bxc5 11.Qd2 Bd7 12.c3 Bxe3 13.Qxe3 Qb6 14.Qxb6 axb6 15.Bd3 Nc6
16.Kd2 f6 17.Rae1 O-O 18.g3 g5 19.f5 g4 20.fxe6 gxf3 21.exf6 f2 22.Re3 Be8
23.Rf3 Bh5 24.Rxf2 Bg4 25.Re1 Rxa2 26.e7 Rxb2+ 27.Kc1 Rxf2 28.Bxh7+ Kf7 29.Bg6+ Kxg6
30.exf8=Q Rxf6 31.Qg8+ Kf5  1-0

[Event "13th FIDE Open"]
[Site "Voronezh RUS"]
[Date "2009.06.16"]
[Round "5"]
[White "Kharmunova,N"]
[Black "Ulkhanov,A"]
[Result "1/2-1/2"]
[WhiteElo "2128"]
[BlackElo "2051"]

1.e4 e6 2.d4 d5 3.Nc3 Nf6 4.e5 Nfd7 5.f4 c5 6.Nf3 Nc6 7.Be3 Qb6 8.Be2 cxd4
9.Nxd4 Nxd4 10.Bxd4 Bc5 11.Nb5 O-O 12.Bxc5 Nxc5 13.Qd4 f6 14.O-O Bd7 15.Nd6 Be8
16.Kh1 fxe5 17.fxe5 Bg6 18.Bg4 h5 19.Bh3 Kh7 20.b4 Ne4 21.Qxb6 axb6 22.Bxe6 Rxa2
23.Bxd5 Rxa1 24.Rxa1 Nxd6 25.exd6 Bxc2 26.Rc1 Ba4 27.Re1 Rf6 28.Be6 Rf8 29.Kg1 Kg6
30.Rf1 Rd8 31.d7 Bc6 32.Rf7 Rb8 33.g3 Rd8 34.h3 Rh8 35.h4 Rd8 36.Kh2 Rb8
37.Kh3 Ra8 38.g4 Ra3+ 39.Kh2 Rd3 40.Rf8 Bxd7 41.Rd8 Bxe6 42.Rxd3 hxg4 43.Rd6 Kf7
44.Rxb6 Bd5 45.Kg3 Bf3 46.Kf4 Ke7 47.Rg6 Kf7 48.h5 Kf8 49.Ke5 Kf7 50.Kf5 Be2
51.Rd6  1/2-1/2

[Event "13th Master Open"]
[Site "Voronezh RUS"]
[Date "2009.06.18"]
[Round "7"]
[White "Popov,Val"]
[Black "Rakhmanov,Ale"]
[Result "1/2-1/2"]
[WhiteElo "2570"]
[BlackElo "2543"]

1.e4 e6 2.d4 d5 3.Nc3 Nf6 4.e5 Nfd7 5.Nce2 c5 6.c3 Nc6 7.f4 Qb6 8.Nf3 Be7
9.h4 O-O 10.a3 cxd4 11.cxd4 Na5 12.Nc3 Nb3 13.Rb1 Nxc1 14.Qxc1 f6 15.Qd2 Nb8
16.Bd3 Nc6 17.Bc2 fxe5 18.dxe5 Qa6 19.g3 Bd7 20.Ng5 h6 21.Nf3 Rad8 22.h5 Be8
23.Bd3 Qb6 24.Bc2 Qa6 25.Bd3 Qb6 26.b4 d4 27.Na4 Nxe5 28.Nxe5 Bxa4 29.Qe2 Bc6
30.Nc4 Qc7 31.Qxe6+ Rf7 32.O-O Bf6 33.Qf5 g5 34.Qg6+ Kh8 35.Qxh6+ Kg8 36.Qg6+ Kh8
37.Qh6+ Kg8 38.Qg6+ Kh8 39.Rbe1 Bb5 40.Qh6+ Kg8 41.Qg6+ Kh8 42.Re6 Rdf8 43.Nd6 Bxd3
44.Qxd3 Re7 45.Nb5 Qd7 46.Rxe7 Bxe7 47.Qxd4+ Qxd4+ 48.Nxd4 gxf4 49.Ne6 Rg8
50.Nxf4 Rxg3+ 51.Kf2 Bh4 52.Ng2 Rh3+ 53.Nxh4 Rxh4 54.Ke3 Rxh5 55.Kd4 Kg8
56.a4 b6 57.Kc4 a6 58.Rf6 Rh4+ 59.Kc3 Rh3+ 60.Kc2 Rh2+ 61.Kd3 Rh3+ 62.Kd2 Rh2+
63.Ke3 Rh3+ 64.Ke2 Ra3 65.Rxb6 Rxa4  1/2-1/2

[Event "ZMD Open"]
[Site "Dresden GER"]
[Date "2009.07.01"]
[Round "8"]
[White "Duenzel,J"]
[Black "Bluebaum,M"]
[Result "1/2-1/2"]
[WhiteElo "1971"]
[BlackElo "2075"]

1.e4 e6 2.d4 d5 3.Nc3 Nf6 4.e5 Nfd7 5.f4 c5 6.Nf3 Nc6 7.Be3 Be7 8.dxc5 Bxc5
9.Qd2 O-O 10.O-O-O Qa5 11.Nd4 Bb4 12.Nb3 Bxc3 13.Nxa5 Bxd2+ 14.Bxd2 Nxa5
15.Bxa5 b6 16.Bb4 Rd8 17.g3 a5 18.Be7 Re8 19.Bd6 Ba6 20.Bg2  1/2-1/2

[Event "XXXII Open"]
[Site "Barbera ESP"]
[Date "2009.07.04"]
[Round "1"]
[White "Brookes,C"]
[Black "Fenollar Jorda,M"]
[Result "0-1"]
[WhiteElo "2046"]
[BlackElo "2341"]

1.e4 e6 2.d4 d5 3.Nc3 Nf6 4.e5 Nfd7 5.f4 c5 6.Nf3 Nc6 7.Be3 Qb6 8.Na4 Qa5+
9.c3 cxd4 10.b4 Nxb4 11.cxb4 Bxb4+ 12.Bd2 Bxd2+ 13.Nxd2 O-O 14.Rb1 a6 15.Qc2 f6
16.Bd3 fxe5 17.Bxh7+ Kh8 18.fxe5 Nxe5 19.Nb6 Rb8 20.Rb3 Bd7 21.Rh3 Qxb6 22.Bg8+ Kxg8
23.Qh7+ Kf7 24.O-O+ Ke8 25.Rxf8+ Kxf8 26.Qh8+ Ke7 27.Qxb8 d3+ 28.Kf1 Qd4
29.Qxb7 Ng4 30.Rf3 Nxh2+ 31.Ke1 Qh4+ 32.Kd1 Qa4+ 33.Nb3 Nxf3 34.gxf3 Qb5
35.Qa7 Kd6 36.f4 Qc4 37.Qb6+ Ke7 38.Ke1 Qe4+ 39.Kf1 Qxf4+ 40.Ke1 Qe4+ 41.Kf1 Bb5
42.Kg1 Kf6 43.Qd8+ Kg6 44.Qb6 Kf5 45.Nd4+ Kg4 46.Nxe6 d2  0-1

[Event "XXXII Open"]
[Site "Barbera ESP"]
[Date "2009.07.05"]
[Round "2"]
[White "Abhishek,K"]
[Black "Garcia Roman,D"]
[Result "1-0"]
[WhiteElo "2158"]
[BlackElo "2464"]

1.e4 e6 2.d4 d5 3.Nc3 Nf6 4.e5 Nfd7 5.f4 c5 6.Nf3 Nc6 7.Be3 Qb6 8.a3 cxd4
9.Nxd4 Bc5 10.Na4 Qa5+ 11.c3 Bxd4 12.Bxd4 Nxd4 13.Qxd4 O-O 14.Be2 Qc7 15.O-O b6
16.b4 Bb7 17.Rac1 a5 18.c4 Rfc8 19.cxd5 Qxc1 20.dxe6 Qxa3 21.exd7 Rd8 22.Nxb6 Rab8
23.bxa5 Qxa5 24.Ra1  1-0

[Event "ChessCube SA Open"]
[Site "Cape Town RSA"]
[Date "2009.07.06"]
[Round "6"]
[White "Rujevic,M"]
[Black "Mabusela,J"]
[Result "1/2-1/2"]
[WhiteElo "2309"]
[BlackElo "2273"]

1.e4 e6 2.d4 d5 3.Nc3 Nf6 4.e5 Nfd7 5.f4 c5 6.Nf3 Nc6 7.Be3 cxd4 8.Nxd4 Bc5
9.Qd2 O-O 10.O-O-O a6 11.Nb3 Bb4 12.a3 Be7 13.Ne2 b5 14.Ned4 Nxd4 15.Bxd4 Nb6
16.Qa5 Rb8 17.Nc5 Nc4 18.Qxd8 Rxd8 19.Bd3 Na5 20.Rhe1 Nc6 21.Bf2 a5 22.g4 a4
23.c3 d4 24.cxd4 Nxd4 25.Ne4 Bb7 26.Nd6 Nb3+ 27.Kb1 Bxd6 28.exd6 Bd5 29.f5 Bf3
30.fxe6 fxe6 31.Be2 Be4+ 32.Bd3 Bf3 33.Be2 Be4+ 34.Bd3 Bf3  1/2-1/2

[Event "37th Greek Teams"]
[Site "Kallithea GRE"]
[Date "2009.07.06"]
[Round "6"]
[White "Sahinidis,E"]
[Black "Gouloutis,N"]
[Result "0-1"]
[WhiteElo "1726"]
[BlackElo "1629"]

1.e4 e6 2.d4 d5 3.Nc3 Nf6 4.e5 Nfd7 5.f4 c5 6.Nf3 Nc6 7.Be3 cxd4 8.Nxd4 Bc5
9.Qd2 a6 10.O-O-O O-O 11.Qf2 Nxd4 12.Bxd4 Qc7 13.Bd3 Bxd4 14.Qxd4 Qc5 15.Qxc5 Nxc5
16.Rhe1 Bd7 17.b3 Rfc8 18.Kb2 b5 19.Ne2 a5 20.a3 Rcb8 21.Nd4 b4 22.a4 Rb6
23.Bb5 Bxb5 24.Nxb5 Ne4 25.h3 h5 26.Re3 Rc6 27.c4 bxc3+ 28.Nxc3 Rxc3 29.Rxc3 Nxc3
30.Kxc3 Rc8+ 31.Kb2 Kf8 32.Rc1 Rxc1 33.Kxc1 Ke7 34.Kd2 Kd7 35.Kd3 Kc6 36.Kd4 h4
37.Kc3 Kc5 38.Kd3 Kb4 39.Kc2 d4 40.Kb2 d3 41.Kc1 Kxb3 42.Kd2 Kc4 43.Kd1 Kc3
44.Kc1 d2+ 45.Kd1 g6  0-1

[Event "ch-BEL Expert"]
[Site "Namur BEL"]
[Date "2009.07.06"]
[Round "3"]
[White "Sarrau,J"]
[Black "Alienkin,A"]
[Result "1/2-1/2"]
[WhiteElo "2229"]
[BlackElo "2402"]

1.e4 e6 2.d4 d5 3.Nc3 Nf6 4.e5 Nfd7 5.f4 c5 6.Nf3 Nc6 7.Be3 a6 8.Qd2 b5 9.dxc5 Bxc5
10.Ne2 O-O 11.Bxc5 Nxc5 12.Ned4 Ne4 13.Qe3 Nxd4 14.Qxd4 f6 15.exf6 Qxf6 16.Qxf6 gxf6
17.Bd3 Bb7 18.Bxe4 dxe4 19.Nd4 e5 20.fxe5 fxe5 21.Ne6 Rfc8 22.O-O-O Kf7 23.Rd7+ Kxe6
24.Rxb7 Rg8 25.Rb6+ Kd7 26.Rd1+ Kc7  1/2-1/2

[Event "8th Open"]
[Site "La Fere FRA"]
[Date "2009.07.08"]
[Round "6"]
[White "Derigny,P"]
[Black "Marzolo,C"]
[Result "1/2-1/2"]
[WhiteElo "1993"]
[BlackElo "2443"]

1.e4 e6 2.d4 d5 3.Nc3 Nf6 4.e5 Nfd7 5.Nce2 c5 6.c3 Nc6 7.f4 cxd4 8.cxd4 f5
9.Nf3 Be7 10.Nc3 Nb6 11.Be2 Bd7 12.O-O O-O 13.Be3 a5 14.Rc1 a4 15.h3 Na5
16.g4 Nbc4 17.Bd2 Nxb2 18.Qc2 Nbc4 19.gxf5 Rxf5 20.Bd3 Rh5 21.Kh2 Rc8 22.Rg1 b5
23.Rg3 b4 24.Rcg1 Nxd2 25.Rxg7+ Kh8 26.Qxd2 bxc3 27.Qg2 Qf8 28.Qg4 Rh6 29.Bxh7 c2
30.Rg8+ Qxg8 31.Bxg8 Bf8 32.Qg5 c1=Q 33.Rxc1  1/2-1/2

[Event "XXXII Open"]
[Site "Barbera ESP"]
[Date "2009.07.09"]
[Round "6"]
[White "Abhishek,K"]
[Black "Camarena Gimenez,R"]
[Result "1/2-1/2"]
[WhiteElo "2158"]
[BlackElo "2402"]

1.e4 e6 2.d4 d5 3.Nc3 Nf6 4.e5 Nfd7 5.f4 c5 6.Nf3 Nc6 7.Be3 Qb6 8.a3 cxd4
9.Nxd4 Nxd4 10.Bxd4 Bc5 11.Na4 Qa5+ 12.b4 Qxa4 13.bxc5 b6 14.cxb6 axb6 15.c4 dxc4
16.h4 Qxd1+ 17.Kxd1 b5 18.a4 bxa4 19.Bxc4 O-O 20.Rh3 Bb7 21.g4 Rfc8 22.Ba2 Nc5
23.Ke2 Ba6+ 24.Kf2 Nd3+ 25.Ke3 Nb4 26.Bb1 Bc4 27.Be4 Nd5+ 28.Kf2 Nxf4 29.Rha3 Bd5
30.Bxd5 exd5 31.Rxa4 Rxa4 32.Rxa4 Ne6 33.Ke3 h6 34.Ra5 Rc1 35.Rxd5 Rh1 36.h5 Rh3+
37.Kd2 Rg3 38.Bc3 Rxg4 39.Ra5 Rh4 40.Ra8+ Kh7 41.Ra7 Ng5 42.e6 Nxe6 43.Rxf7 Rxh5
44.Re7 Rd5+ 45.Ke3 Rd6 46.Ke4 Ng5+ 47.Kf5 Rg6 48.Re8 Nh3 49.Rh8+ Kxh8 50.Kxg6 Nf4+
51.Kf7  1/2-1/2

[Event "ch-BEL Expert"]
[Site "Namur BEL"]
[Date "2009.07.09"]
[Round "6"]
[White "Laurent,B"]
[Black "Alienkin,A"]
[Result "1/2-1/2"]
[WhiteElo "2339"]
[BlackElo "2402"]

1.e4 e6 2.d4 d5 3.Nc3 Nf6 4.e5 Nfd7 5.f4 c5 6.Nf3 Nc6 7.Be3 cxd4 8.Nxd4 Bc5
9.Qd2 O-O 10.O-O-O Bxd4 11.Bxd4 a6 12.Qf2 b5 13.Be3 Qa5 14.Kb1 b4 15.Ne2 f6
16.exf6 Nxf6 17.Nd4 Ne4 18.Qe1 Nxd4 19.Bxd4 Rxf4 20.Bd3 Rf7 21.Bxe4 dxe4
22.Qxe4 Bb7 23.Qe2 Bd5 24.b3 Qc7 25.h4  1/2-1/2

[Event "XXXII Open"]
[Site "Barbera ESP"]
[Date "2009.07.10"]
[Round "7"]
[White "Dominguez Pons,E"]
[Black "Rojas Keim,L"]
[Result "1-0"]
[WhiteElo "2211"]
[BlackElo "2453"]

1.e4 e6 2.d4 d5 3.Nc3 Nf6 4.e5 Nfd7 5.f4 c5 6.Nf3 Nc6 7.Be3 cxd4 8.Nxd4 Bc5
9.Qd2 O-O 10.O-O-O a6 11.h4 Nxd4 12.Bxd4 b5 13.Rh3 b4 14.Ne2 a5 15.Qe3 Qb6
16.Rg3 Ba6 17.f5 exf5 18.e6 Bxd4 19.Nxd4 f4 20.Qxf4 fxe6 21.Qh6 g6 22.h5 Qd6
23.hxg6 Qf4+ 24.Qxf4 Rxf4 25.gxh7+ Kh8 26.Rg8+  1-0

[Event "19th Heart of Finland Open"]
[Site "Jyvaskyla FIN"]
[Date "2009.07.10"]
[Round "7"]
[White "Nevanlinna,R"]
[Black "Penttila,T"]
[Result "0-1"]
[WhiteElo "2292"]
[BlackElo "2051"]

1.e4 e6 2.d4 d5 3.Nc3 Nf6 4.e5 Nfd7 5.f4 c5 6.Nf3 Nc6 7.Be3 a6 8.a3 b5 9.Ne2 Qb6
10.g3 b4 11.Bg2 Be7 12.O-O O-O 13.c3 Rb8 14.axb4 cxb4 15.Kh1 a5 16.c4 dxc4
17.d5 Qxe3 18.dxc6 Nc5 19.Nd2 Nd3 20.Nxc4 Nf2+ 21.Rxf2 Qxf2 22.Nxa5 Ba6 23.Ng1 Rbd8
24.Qe1 Qxb2 25.Nf3 Rd3 26.Nb7 Ra3 27.Rb1 Qc3 28.Qxc3 bxc3 29.Nd4 Ra4 30.Nb3 Rb4
31.N7a5 Bd8 32.Rc1 Bb6 33.h4 Rb5 34.Bf1 Rxa5 35.Nxa5 Bxf1 36.Nb7 Bc4 37.Nd6 Bd5+
38.Kh2 Bxc6 39.Rxc3 Bd5 40.g4 Ra8 41.Kg3 h6 42.g5 h5 43.Nc8 Ba5 44.Rc5 Be1+
45.Kh2 Ra2+  0-1

[Event "Helmut Kohls IM"]
[Site "Dortmund GER"]
[Date "2009.07.12"]
[Round "9"]
[White "Racherbaeumer,M"]
[Black "Fiebig,T"]
[Result "1-0"]
[WhiteElo "2284"]
[BlackElo "2426"]

1.e4 e6 2.d4 d5 3.Nc3 Nf6 4.e5 Nfd7 5.f4 c5 6.Nf3 Nc6 7.Be3 Be7 8.Qd2 O-O
9.Be2 a6 10.O-O b5 11.Nd1 cxd4 12.Nxd4 Nxd4 13.Bxd4 Nc5 14.Nf2 Bb7 15.c3 Rc8
16.b4 Na4 17.Bd3 f6 18.Nh3 f5 19.Ng5 Rc6 20.g4 h6 21.Nxe6 Rxe6 22.gxf5 Rc6
23.f6 gxf6 24.Qg2+ Kh8 25.Qh3 Rg8+ 26.Kh1 Qf8 27.Rg1 Rxg1+ 28.Rxg1 Bc8 29.Qh5 Nxc3
30.Rg6 Ne4 31.Rxh6+ Qxh6 32.Qxh6+ Kg8 33.Bxe4 dxe4 34.exf6  1-0

[Event "ch-BEL Expert"]
[Site "Namur BEL"]
[Date "2009.07.12"]
[Round "9"]
[White "Laurent,B"]
[Black "Hovhanisian,M"]
[Result "1/2-1/2"]
[WhiteElo "2339"]
[BlackElo "2471"]

1.e4 e6 2.d4 d5 3.Nc3 Nf6 4.e5 Nfd7 5.f4 c5 6.Nf3 Nc6 7.Be3 a6 8.Qd2 cxd4
9.Nxd4 Nxd4 10.Bxd4 Bc5 11.O-O-O O-O 12.Qe3 b6 13.Bd3 Bxd4 14.Qxd4 Bb7 15.h4 f6
16.Rde1 fxe5 17.fxe5 Qe7 18.Kb1 Rf7 19.Ne2 Raf8 20.g3 Qc5  1/2-1/2

[Event "IM"]
[Site "Saint-Lo FRA"]
[Date "2009.07.14"]
[Round "9"]
[White "Kuipers,S"]
[Black "Song,Ju"]
[Result "1/2-1/2"]
[WhiteElo "2324"]
[BlackElo "2319"]

1.e4 e6 2.d4 d5 3.Nc3 Nf6 4.e5 Nfd7 5.f4 c5 6.Nf3 Nc6 7.Be3 a6 8.Qd2 b5 9.a3 Bb7
10.Ne2 Qc7 11.g4 O-O-O 12.Bg2 f6 13.O-O h5 14.g5 Kb8 15.b3 Qb6 16.c3 c4 17.b4 f5
18.g6 Be7 19.Bf2  1/2-1/2

[Event "Open"]
[Site "Rethymno GRE"]
[Date "2009.07.15"]
[Round "5"]
[White "Panagiotakos,N"]
[Black "Lipka,J"]
[Result "0-1"]
[WhiteElo "2162"]
[BlackElo "2419"]

1.e4 e6 2.d4 d5 3.Nc3 Nf6 4.e5 Nfd7 5.f4 c5 6.Nf3 Nc6 7.Be3 a6 8.Qd2 b5 9.Be2 Qb6
10.O-O cxd4 11.Nxd4 Bc5 12.Rad1 Bb7 13.a3 Rc8 14.Bf2 Nxd4 15.Bxd4 Bxd4+ 16.Qxd4 Ke7
17.Rf3 h6 18.Qxb6 Nxb6 19.Rg3 Rhg8 20.Bd3 Nc4 21.Bh7 Rh8 22.Rxg7 Kf8  0-1

[Event "1st Artemis Cup"]
[Site "Leros GRE"]
[Date "2009.07.17"]
[Round "7"]
[White "Muhren,W"]
[Black "Demuth,M"]
[Result "0-1"]
[WhiteElo "2188"]
[BlackElo "2253"]

1.e4 e6 2.d4 d5 3.Nc3 Nf6 4.e5 Nfd7 5.f4 c5 6.Nf3 Nc6 7.Be3 a6 8.Qd2 cxd4
9.Nxd4 Bb4 10.a3 Bc5 11.g3 O-O 12.Bg2 Qe7 13.O-O Nb6 14.Qf2 Nxd4 15.Bxd4 Bxd4
16.Qxd4 Nd7 17.b4 Qd8 18.Kh1 Nb6 19.g4 Bd7 20.f5 Rc8 21.f6 Rc4 22.Qd1 Qc7
23.Re1 Rxc3 24.Qd2 h6 25.Re2 Rc8 26.fxg7 Kxg7 27.Rf1 Bb5 28.Rf6 Bxe2 29.Qxh6+ Kg8
30.Qg5+ Kf8 31.b5 axb5 32.Rh6 Ke8 33.Qg8+ Ke7 34.Qg5+ Kd7 35.Qg7 Kc6 36.Rf6 Qxe5
37.Qxf7 Bxg4 38.Qg7 Nd7 39.Rxe6+ Bxe6  0-1

[Event "TCh Eur-Youth U18"]
[Site "Pardubice CZE"]
[Date "2009.07.17"]
[Round "2"]
[White "Sadikhov,U"]
[Black "Jorczik,J"]
[Result "0-1"]
[WhiteElo "1954"]
[BlackElo "2352"]

1.e4 e6 2.d4 d5 3.Nc3 Nf6 4.e5 Nfd7 5.f4 c5 6.Nf3 Nc6 7.Be3 Be7 8.Qd2 O-O
9.dxc5 Bxc5 10.Bxc5 Nxc5 11.O-O-O Qa5 12.Nd4 Bd7 13.Kb1 Rfc8 14.Be2 a6 15.Bf3 Qc7
16.Nb3 b6 17.Rhe1 Ne7 18.g4 Rab8 19.f5 Nxb3 20.axb3 exf5 21.Qg5 fxg4 22.Bxg4 Be6
23.Bxe6 fxe6 24.Qg4 Nf5 25.Rd2 Rf8 26.Rf2 Rbd8 27.h4 d4 28.Nd1 Rd5 29.Qf4 Rf7
30.Qe4 b5 31.Rf3 Qe7 32.Ref1 Ng3 33.Rxf7 Qxf7 34.Rxf7 Nxe4 35.Ra7 Rxe5 36.Rxa6 Kf7
37.b4 Rh5 38.Rb6 Rxh4 39.Ka2 Rh1  0-1

[Event "ch-SCO"]
[Site "Edinburgh SCO"]
[Date "2009.07.18"]
[Round "8"]
[White "Kleboe,J"]
[Black "Zhang,F"]
[Result "0-1"]
[WhiteElo "1936"]
[BlackElo "2058"]

1.e4 e6 2.d4 d5 3.Nc3 Nf6 4.e5 Nfd7 5.f4 c5 6.Nf3 Nc6 7.Ne2 b5 8.c3 b4 9.Ng3 Qb6
10.Be2 bxc3 11.bxc3 cxd4 12.Nxd4 Nxd4 13.Qxd4 Bc5 14.Qd1 O-O 15.a4 Bf2+ 16.Kf1 a5
17.Bd3 Nc5 18.Bxh7+ Kxh7 19.Qc2+ Ne4 20.Rb1 Ba6+ 21.Rb5 Bxb5+ 22.axb5 Qxb5+
23.c4 Qc5 24.Nxe4 dxe4 25.Qxe4+ Kg8 26.Ke2 Bd4 27.Rd1 Rfd8 28.Rd3 Rac8 29.Ba3 Qxc4
30.Bd6 Qc2+ 31.Kf3 Qf2+ 32.Kg4 Rxd6 33.Rh3 g6 34.Qb7 Rdc6 35.Qe7 Bxe5 36.g3 Qe2+
37.Kg5 Bxf4+ 38.gxf4 Rc5+  0-1

[Event "Corporation Centre Cup"]
[Site "Izhevsk RUS"]
[Date "2009.07.18"]
[Round "4"]
[White "Smirnov,Alexey"]
[Black "Igambergenov,A"]
[Result "1-0"]
[WhiteElo "2415"]
[BlackElo "2131"]

1.e4 e6 2.d4 d5 3.Nc3 Nf6 4.e5 Nfd7 5.f4 c5 6.Nf3 Nc6 7.Be3 a6 8.Qd2 b5 9.a3 Qb6
10.Be2 cxd4 11.Nxd4 Bc5 12.Rd1 O-O 13.Bg4 Kh8 14.O-O f6 15.exf6 Nxf6 16.Bf3 Ne8
17.Nce2 Nd6 18.Bf2 Nxd4 19.Nxd4 Qc7 20.Qe2 Bxd4 21.Bxd4 Nf5 22.Be5 Qb6+ 23.Kh1 Bb7
24.Rd3 Rac8 25.c3 a5 26.b4 Rc4 27.Qe1 axb4 28.axb4 Ra8 29.Bg4 Re4 30.Qc1 Nh6
31.Bh3 Nf7 32.Bd4 Qc6 33.Rg3 Rg8 34.Qd1 Qd6 35.Qf3 Bc8 36.Kg1 Bb7 37.Qh5 Qc7
38.Rg4 Nd6 39.Rh4 h6 40.Qxh6+  1-0

[Event "Najdorf Mem Open"]
[Site "Warsaw POL"]
[Date "2009.07.18"]
[Round "1"]
[White "Kosiorek,M"]
[Black "Winski,L"]
[Result "1-0"]
[WhiteElo "2362"]
[BlackElo "2075"]

1.e4 e6 2.d4 d5 3.Nc3 Nf6 4.e5 Nfd7 5.Nce2 c5 6.c3 Nc6 7.f4 Qb6 8.Nf3 Be7
9.g3 O-O 10.Bh3 cxd4 11.cxd4 a5 12.O-O a4 13.Kh1 f5 14.g4 Qa6 15.Rg1 Nb6
16.Nc3 Qa5 17.Qd3 Bd7 18.gxf5 exf5 19.Rg3 Nc4 20.Rb1 Be6 21.b3 axb3 22.axb3 Na3
23.Ra1 Qb4 24.Na4 Rxa4 25.bxa4 Nc4 26.Rb1 Qxa4 27.Rxb7 Bc8 28.Rb1 Nb4 29.Qe2 Ba6
30.Qg2 Qd1+ 31.Qg1 Qxg1+ 32.Kxg1 Nc2 33.Bf1 Nxd4 34.Nxd4 Bc5 35.Kg2 Bxd4
36.Rd3 Ba7 37.Rxd5 Ne3+ 38.Bxe3 Bxf1+ 39.Kf2 Bxe3+ 40.Kxe3 Ba6 41.Rd6 Bc4
42.Rbd1  1-0

[Event "61st ch-MNE"]
[Site "Cetinje MNE"]
[Date "2009.07.19"]
[Round "9"]
[White "Djukic,Ni"]
[Black "Kosic,D"]
[Result "1/2-1/2"]
[WhiteElo "2491"]
[BlackElo "2488"]

1.e4 e6 2.d4 d5 3.Nc3 Nf6 4.e5 Nfd7 5.f4 c5 6.Nf3 Nc6 7.Be3 Be7 8.Qd2 O-O
9.Be2 a6 10.O-O b5 11.a3 Qb6 12.Nd1 a5 13.c3 a4 14.Bd3 Na5 15.Qe2 Nc4 16.Bf2 f6
17.exf6 Nxf6 18.dxc5 Bxc5 19.Bxc5 Qxc5+ 20.Nd4 Bd7 21.Nf2 Rae8 22.Rfe1 e5
23.fxe5 Rxe5 24.Qc2 Rfe8 25.Rxe5 Rxe5 26.Bxc4 dxc4 27.Qd2 Qe7 28.Kf1 Qd6
29.h3 h6 30.Re1 Rxe1+ 31.Qxe1 Qf4 32.Kg1 Kh7 33.Nd1 Kg8 34.Qe3 Qxe3+ 35.Nxe3 g6
36.Kf2 Kf7 37.Kf3 Ke7 38.Kf4 Kd6 39.h4 Nh5+ 40.Ke4 Nf6+ 41.Kf4  1/2-1/2

[Event "32nd Taminco Open"]
[Site "Ghent BEL"]
[Date "2009.07.19"]
[Round "3"]
[White "Ondersteijn,N"]
[Black "Bauwe,P"]
[Result "1-0"]
[WhiteElo "2289"]
[BlackElo "2054"]

1.e4 e6 2.d4 d5 3.Nc3 Nf6 4.e5 Nfd7 5.f4 c5 6.Nf3 Nc6 7.Be3 a6 8.Qd2 b5 9.dxc5 Bxc5
10.Bxc5 Nxc5 11.Qf2 Qb6 12.Bd3 Rb8 13.O-O Na4 14.Nxa4 bxa4 15.b3 a3 16.Rfc1 O-O
17.Qxb6 Rxb6 18.Nd2 g5 19.fxg5 Nxe5 20.Re1 Nxd3 21.cxd3 a5 22.Kf2 Ba6 23.Ke3 Rc8
24.Rac1 Rbc6 25.Rxc6 Rxc6 26.Nf3 Kf8 27.Kd2 a4 28.Rb1 Rb6 29.b4 Ke7 30.Ne5 Bb5
31.Ng4 Rc6 32.h4 Kd6 33.Rf1 Rc7 34.Nf6 e5 35.h5 e4 36.Rf5 Bxd3 37.Ne8+ Ke6
38.Rf6+ Ke5 39.Nxc7 Bb1 40.b5 Bxa2 41.b6 Bb3 42.b7 a2 43.b8=Q  1-0

[Event "TCh Eur-Youth U18"]
[Site "Pardubice CZE"]
[Date "2009.07.19"]
[Round "4"]
[White "Firat,B"]
[Black "Jorczik,J"]
[Result "0-1"]
[WhiteElo "2310"]
[BlackElo "2352"]

1.e4 e6 2.d4 d5 3.Nc3 Nf6 4.e5 Nfd7 5.f4 c5 6.Nf3 Nc6 7.Be3 Be7 8.Qd2 O-O
9.dxc5 Bxc5 10.Bxc5 Nxc5 11.O-O-O Qa5 12.h4 Bd7 13.Qe3 Rfc8 14.Kb1 Nb4 15.a3 Nxc2
16.Kxc2 Ne4 17.Rc1 Rxc3+ 18.bxc3 Qxa3 19.Kd1 Rc8 20.Ke1 Rxc3 21.Rxc3 Nxc3
22.Be2 Qb2 23.Kf2 Ne4+ 24.Kg1 Ng3 25.Kh2 Nxe2 26.Qxa7 h6 27.Qf2 Qb5 28.Nd4 Qc5
29.Qxe2 Qxd4 30.Qf3 Bc6 31.Rd1 Qb2 32.Qe3 Qc2 33.Rd3 Bb5 34.Rd4 Bc4 35.Rd2 Qb1
36.Qg1 Qf5 37.Qe3 b5 38.Rb2 Qg4 39.Qg3 Qd1 40.Qf3 Qe1 41.Qf2 Qc3 42.Rd2 b4
43.Qd4 Qc1 44.Rf2 b3 45.Rd2 Qb1 46.Rd1 Qf5 47.Rd2 Qg4 48.Qf2 Qg6 49.Qd4 Qf5
50.Qe3 Qb1 51.Qd4 Qe1 52.Kh3 Be2 53.Rb2 Bd1 54.Rb1 Bg4+  0-1

[Event "Corporation Centre Cup"]
[Site "Izhevsk RUS"]
[Date "2009.07.21"]
[Round "7"]
[White "Shaposhnikov,E"]
[Black "Volkov,Sergey1"]
[Result "1/2-1/2"]
[WhiteElo "2546"]
[BlackElo "2607"]

1.e4 e6 2.d4 d5 3.Nc3 Nf6 4.e5 Nfd7 5.f4 c5 6.Nf3 Be7 7.Be3 Qb6 8.Na4 Qa5+
9.c3 b6 10.Kf2 Ba6 11.b4 cxb4 12.cxb4 Bxb4 13.a3 Bxa3 14.Bd2 Bb4 15.Nc3 Bxc3
16.Rxa5 Bxa5 17.Bxa6 Nxa6 18.Bxa5 bxa5 19.Qa4 Nb4 20.Qxa5 Rb8 21.Qc7 g6 22.Ra1 a6
23.Kg3 h6 24.Ra4 Rf8 25.Qc3 a5 26.Qc7 Rb6 27.Rxa5 Rc6 28.Qb7 Rb6 29.Qc8+ Ke7
30.Qc1 Rfb8 31.Ra7 Rc6 32.Qa3 Rcb6 33.h3 Kd8 34.Kh2 Nc6 35.Ra8 Rxa8 36.Qxa8+ Ndb8
37.Qa3 Rb4 38.Qa1 Rc4 39.Qe1 Ke8 40.Qh4 Nxd4 41.Nxd4 Rxd4 42.Qxh6 Nd7 43.g4 Re4  1/2-1/2

[Event "MTO"]
[Site "Biel SUI"]
[Date "2009.07.23"]
[Round "4"]
[White "Kritz,L"]
[Black "Hassan,Ab"]
[Result "1-0"]
[WhiteElo "2589"]
[BlackElo "2354"]

1.e4 e6 2.d4 d5 3.Nc3 Nf6 4.e5 Nfd7 5.f4 c5 6.Nf3 Nc6 7.Be3 a6 8.Qd2 cxd4
9.Nxd4 Bc5 10.O-O-O O-O 11.Qf2 Bxd4 12.Bxd4 b5 13.Be3 Bb7 14.h4 b4 15.Ne2 Qc7
16.Kb1 f6 17.exf6 Nxf6 18.Bb6 Ne4 19.Qe3 Qf7 20.g3 Nd6 21.Bc5 Nc4 22.Qg1 Rfc8
23.Nd4 Nxd4 24.Bxd4 a5 25.Bh3 Rc6 26.Qe1 Bc8 27.Rh2 Nd6 28.h5 h6 29.Be5 Nc4
30.g4 Nxe5 31.Qxe5 Rc4 32.g5 Rxf4 33.gxh6 Qf6 34.Qd6 Qxh6 35.Qc6 Rb8 36.Rg2 Rf7
37.Rg6 Bd7 38.Qd6 Qf4 39.Bxe6 Bxe6 40.Qxe6 Qf5 41.Qxf5 Rxf5 42.h6 Kh7 43.Rxg7+ Kxh6
44.Rg2 Rh5 45.b3 Rd8 46.Rdg1 d4 47.Rg6+ Kh7 48.Rg7+ Kh8 49.R7g5 Rxg5 50.Rxg5 a4
51.bxa4 d3 52.cxd3 Rxd3 53.Rg4 Ra3 54.Rxb4 Kg7 55.Rf4 Kg6 56.Kb2 Re3 57.a5 Re5
58.Ra4 Kf6 59.a6 Re8 60.Kc3 Ke5 61.a7 Ra8 62.Ra6  1-0

[Event "MTO"]
[Site "Biel SUI"]
[Date "2009.07.25"]
[Round "6"]
[White "Shomoev,A"]
[Black "Hassan,Ab"]
[Result "1-0"]
[WhiteElo "2580"]
[BlackElo "2354"]

1.e4 e6 2.d4 d5 3.Nc3 Nf6 4.e5 Nfd7 5.f4 c5 6.Nf3 Nc6 7.Be3 a6 8.Qd2 cxd4
9.Nxd4 Bc5 10.O-O-O O-O 11.Qf2 Bxd4 12.Bxd4 b5 13.Be3 b4 14.Na4 Qa5 15.b3 Bb7
16.Kb1 d4 17.Bxd4 Nxd4 18.Rxd4 Bc6 19.Nb2 Nc5 20.Qe3 Rfd8 21.Nc4 Qb5 22.Nd6 Qa5
23.Rc4 Ne4 24.Rxe4 Bxe4 25.Qxe4 Qb6 26.Bc4  1-0

[Event "2nd Open"]
[Site "Paleohora GRE"]
[Date "2009.07.25"]
[Round "6"]
[White "Konguvel,P"]
[Black "Stavrianakis,I"]
[Result "1-0"]
[WhiteElo "2419"]
[BlackElo "2240"]

1.e4 e6 2.d4 d5 3.Nc3 Nf6 4.e5 Nfd7 5.f4 c5 6.Nf3 Nc6 7.Be3 cxd4 8.Nxd4 Bc5
9.Qd2 Nxd4 10.Bxd4 Bxd4 11.Qxd4 Qb6 12.Qd2 Qxb2 13.Rb1 Qa3 14.Nb5 Qc5 15.Nd6+ Ke7
16.Rb5 Qc6 17.Qb4 a6 18.Nxc8+ Kd8 19.Ne7 Qxc2 20.Rxb7 Re8 21.Rxd7+  1-0

[Event "ch-AUT"]
[Site "Jenbach AUT"]
[Date "2009.07.26"]
[Round "2"]
[White "Kleiser,G"]
[Black "Hofer,Fra"]
[Result "1-0"]
[WhiteElo "2292"]
[BlackElo "2092"]

1.e4 e6 2.d4 d5 3.Nc3 Nf6 4.e5 Nfd7 5.f4 c5 6.Nf3 Nc6 7.Be3 cxd4 8.Nxd4 Bc5
9.Qd2 Bxd4 10.Bxd4 Nxd4 11.Qxd4 Qb6 12.O-O-O Qxd4 13.Rxd4 Nb8 14.Nb5 Nc6
15.Rd2 Ke7 16.h4 h5 17.Be2 a6 18.Nd4 Nxd4 19.Rxd4 Bd7 20.Rh3 Rac8 21.Rg3 g6
22.a4 Rc7 23.Rb3 Rhc8 24.c3 Rf8 25.Kd2 Bc6 26.Rbb4 Ke8 27.Bd3 Ke7 28.Ke3 Rh8
29.Rb6 Ra8 30.g3 Rcc8 31.Bc2 Rc7 32.Bd1 Rd8 33.Kd2 Kd7 34.Be2 Kc8 35.Rb3 Kd7
36.Ra3 Rb8 37.c4 Ke7 38.Rc3 dxc4 39.Rcxc4 Rd8 40.a5 Rcd7 41.Kc3 Bb5 42.Rxd7+ Rxd7
43.Re4 Bxe2 44.Rxe2 Rd5 45.b4 Rd7 46.Re4 Rd1 47.Rd4 Rc1+ 48.Kb2 Rc6 49.Kb3 Ke8
50.Rd3 Ke7 51.Ka4 Rc7 52.Ka3 Rc6 53.Kb3 Ke8 54.Rd4 Ke7 55.b5 Rc5 56.bxa6 bxa6
57.Kb4 Rb5+ 58.Ka4 Rd5 59.Rxd5 exd5 60.Kb4 Ke6 61.Kc5 Kf5 62.Kxd5 Kg4 63.Kc5 Kxg3
64.Kb6 Kxh4 65.Kxa6 Kg3 66.Kb6 h4 67.a6 h3 68.a7 Kg2 69.a8=Q+ Kg1 70.Qf3 h2
71.Qg3+ Kh1 72.Qf2  1-0